[Event "FRA-ch U16 Girls"]
[Site "Saint Paul Trois Chateaux"]
[Date "2013.04.29"]
[Round "2"]
[White "Pfarr, Zoi"]
[Black "Banat, Rizlene"]
[Result "0-1"]
[WhiteElo "1578"]
[BlackElo "1759"]
[PlyCount "148"]
[EventDate "2013.04.28"]
[EventType "swiss"]
[EventRounds "9"]
[EventCountry "FRA"]
[SourceTitle "CBM 154 Extra"]
[Source "ChessBase"]
[SourceDate "2013.06.25"]
[SourceVersion "2"]
[SourceVersionDate "2013.06.25"]
[SourceQuality "1"]

1. d4 Nf6 2. c4 g6 3. Nc3 d5 4. cxd5 Nxd5 5. Bd2 Bg7 6. e4 Nxc3 7. Bxc3 0-0 8. Qd2 Nc6 9. Nf3 f5 10. e5 e6 11. Bc4 Ne7 12. Bb4 Re8 13. Bxe7 Qxe7 14. 0-0-0 c6 15. h4 b5 16. Bb3 Bb7 17. Kb1 c5 18. d5 c4 19. d6 Qd7 20. Bc2 Bxf3 21. gxf3 Bxe5 22. h5 Rad8 23. hxg6 hxg6 24. Qg5 Qf7 25. Rdg1 Bg7 26. Qh4 Qf6 27. Qxf6 Bxf6 28. Rxg6+ Kf7 29. Rgh6 Rxd6 30. Rh7+ Bg7 31. Rg1 Rg8 32. Kc1 Rd4 33. Rg3 Rdd8 34. Rg1 Kf8 35. Re1 Rd6 36. Kb1 Rh8 37. Rxh8+ Bxh8 38. Rh1 Bd4 39. Rh2 Be5 40. Rh7 Bg7 41. f4 Rd2 42. Rh2 Bd4 43. Kc1 Rxf2 44. Rxf2 Bxf2 45. Kd2 Bd4 46. b3 c3+ 47. Kd3 Bf6 48. Ke3 Ke7 49. a4 a6 50. Kf3 Kd6 51. Ke2 Kc5 52. Kf3 Kb4 53. Ke2 Ka3 54. Kd1 Bg7 55. Ke2 Bh6 56. Kd3 Kb2 57. axb5 axb5 58. Bd1 Bxf4 59. Bc2 e5 60. Bd1 e4+ 61. Ke2 c2 62. Bxc2 Kxc2 63. Kf2 Kd2 64. b4 e3+ 65. Kf3 e2 66. Kxf4 e1Q 67. Kxf5 Qe7 68. Kf4 Kd3 69. Kf5 Kd4 70. Kf4 Qf6+ 71. Kg4 Ke3 72. Kg3 Qg5+ 73. Kh2 Kf2 74. Kh3 Qg3# 0-1